| 000 -LEADER | |
|---|---|
| fixed length control field | 00404nam a22001697a 4500 |
| 005 - DATE AND TIME OF LATEST TRANSACTION | |
| control field | 20180203145745.0 |
| 008 - FIXED-LENGTH DATA ELEMENTS--GENERAL INFORMATION | |
| fixed length control field | 160427b xxu||||| |||| 00| 0 eng d |
| 020 ## - INTERNATIONAL STANDARD BOOK NUMBER | |
| ISBN | 81-7808-785-5 |
| 041 ## - LANGUAGE CODE | |
| Language code of text/sound track or separate title | eng |
| 082 ## - DEWEY DECIMAL CLASSIFICATION NUMBER | |
| Item number | 00349 |
| Classification number | 004.6 |
| 100 ## - MAIN ENTRY--AUTHOR NAME | |
| Personal name | tanenbaum, Andrew S. |
| 245 ## - TITLE STATEMENT | |
| Title | Computer Networks |
| 250 ## - EDITION STATEMENT | |
| Edition statement | 4th ed. |
| 260 ## - PUBLICATION, DISTRIBUTION, ETC. (IMPRINT) | |
| Place of publication | New Delhi |
| Name of publisher | Pearson Education, |
| Year of publication | 2003 |
| 300 ## - PHYSICAL DESCRIPTION | |
| Number of Pages | 891 |
| 942 ## - ADDED ENTRY ELEMENTS (KOHA) | |
| Koha item type | Books |
| Lost status | Damaged status | Collection code | Home library | Current library | Shelving location | Date acquired | Source of acquisition | Cost, normal purchase price | Full call number | Accession Number | Koha item type |
|---|---|---|---|---|---|---|---|---|---|---|---|
| CS/IT | JRU Library | JRU Library | SHELF-49-F | 27/04/2016 | PURCHASE | 250.00 | 004.6 | 00349 | Books | ||
| CS/IT | JRU Library | JRU Library | SHELF-49-F | 27/04/2016 | PURCHASE | 250.00 | 004.6 | 00350 | Books | ||
| CS/IT | JRU Library | JRU Library | SHELF-49-F | 27/04/2016 | PURCHASE | 250.00 | 004.6 | 00351 | Books | ||
| CS/IT | JRU Library | JRU Library | SHELF-49-F | 27/04/2016 | PURCHASE | 250.00 | 004.6 | 00352 | Books |